Fish stock decline and its impact among communities inhabiting lake Mweru-Luapula fishery in Zambia (Record no. 43600)
[ view plain ]
| 000 -LEADER | |
|---|---|
| fixed length control field | 00784nam a2200193 a 4500 |
| 008 - FIXED-LENGTH DATA ELEMENTS--GENERAL INFORMATION | |
| fixed length control field | 140128s2013 ||||||||||||||||| || u |
| 050 ## - LIBRARY OF CONGRESS CALL NUMBER | |
| Classification number | THESIS/IMI |
| 100 ## - MAIN ENTRY--PERSONAL NAME | |
| Personal name | Imikendu, Imbwae |
| 245 10 - TITLE STATEMENT | |
| Title | Fish stock decline and its impact among communities inhabiting lake Mweru-Luapula fishery in Zambia |
| Statement of responsibility, etc. | by Imbwae Imikendu |
| 260 ## - PUBLICATION, DISTRIBUTION, ETC. | |
| Place of publication, distribution, etc. | Kitwe: |
| Name of publisher, distributor, etc. | Copperbelt University |
| Date of publication, distribution, etc. | 2013 |
| 300 ## - PHYSICAL DESCRIPTION | |
| Extent | xii, 68p.: ill. |
| 362 1# - DATES OF PUBLICATION AND/OR SEQUENTIAL DESIGNATION | |
| Dates of publication and/or sequential designation | <p>Msc Natural Resources Management (Msc. NRM)</p> |
| 500 ## - GENERAL NOTE | |
| General note | Bibliography |
| 650 ## - SUBJECT ADDED ENTRY--TOPICAL TERM | |
| Topical term or geographic name entry element | FISHERIES--LAKE MWERU |
| 650 ## - SUBJECT ADDED ENTRY--TOPICAL TERM | |
| Topical term or geographic name entry element | Fisheries--Economic aspects |
| 650 ## - SUBJECT ADDED ENTRY--TOPICAL TERM | |
| Topical term or geographic name entry element | FISHERIES MANAGEMENT--ZAMBIA |
| 650 ## - SUBJECT ADDED ENTRY--TOPICAL TERM | |
| Topical term or geographic name entry element | FISHERIES |
| 995 ## - RECOMMENDATION 995 [LOCAL, UNIMARC FRANCE] | |
| -- | CBU-MAIN LIBRARY (Kitwe) |
| -- | 1 |
| -- | AVAILABLE |
| -- | Jan 28, 2014 |
| -- | University Collection |
| Withdrawn status | Lost status | Source of classification or shelving scheme | Damaged status | Not for loan | Home library | Current library | Shelving location | Date acquired | Total Checkouts | Full call number | Barcode | Date last seen | Price effective from | Koha item type |
|---|---|---|---|---|---|---|---|---|---|---|---|---|---|---|
| CBU-MAIN LIBRARY, KITWE. | CBU-MAIN LIBRARY, KITWE. | 11/30/2022 | THESIS/IMI | 744675 | 11/30/2022 | 11/30/2022 | MONOGRAPH |